[Event "CZE-chT U18 Extraliga final-B 1617"]
[Site "Czech Republic"]
[Date "2017.04.21"]
[Round "8.3"]
[White "Hejduk, Miroslav"]
[Black "Nespor, Jakub"]
[Result "1/2-1/2"]
[WhiteElo "1898"]
[BlackElo "1867"]
[PlyCount "69"]
[EventDate "2016.10.01"]
[EventType "team-tourn"]
[EventRounds "11"]
[EventCountry "CZE"]
[SourceTitle "EXT 2022"]
[Source "ChessBase"]
[SourceDate "2021.10.06"]
[SourceVersion "1"]
[SourceVersionDate "2021.10.06"]
[SourceQuality "1"]
[WhiteTeam "Liberec Desko U18"]
[BlackTeam "Policka Stefanydes U18"]
[WhiteTeamCountry "CZE"]
[BlackTeamCountry "CZE"]

1. d4 Nf6 2. c4 g6 3. Nc3 Bg7 4. e4 d6 5. Nf3 0-0 6. Be2 e5 7. dxe5 dxe5 8. Bg5 Qxd1+ 9. Rxd1 c6 10. 0-0 h6 11. Be3 Nbd7 12. h3 Re8 13. Nd2 Nf8 14. c5 Be6 15. Nc4 Bxc4 16. Bxc4 Red8 17. Rfe1 Ne8 18. Kf1 Nc7 19. b4 a6 20. Na4 Nfe6 21. Nb6 Rab8 22. Bxe6 Nxe6 23. Ke2 f6 24. g3 g5 25. Kf3 Kf7 26. g4 Bf8 27. Kg3 Be7 28. Kf3 Rxd1 29. Rxd1 Rd8 30. Rxd8 Bxd8 31. Ke2 Bxb6 32. cxb6 Ke7 33. Kd3 Kd6 34. Kc4 Kd7 35. Kd3 1/2-1/2

[Event "CZE-chT U18 Extraliga West 1516"]
[Site "Czech Republic"]
[Date "2015.10.04"]
[Round "4.2"]
[White "Hejduk, Miroslav"]
[Black "Slovak, Kilian"]
[Result "1/2-1/2"]
[WhiteElo "1883"]
[BlackElo "2080"]
[PlyCount "111"]
[EventDate "2015.10.03"]
[EventType "team-tourn"]
[EventRounds "11"]
[EventCountry "CZE"]
[SourceTitle "EXT 2022"]
[Source "ChessBase"]
[SourceDate "2021.10.06"]
[SourceVersion "1"]
[SourceVersionDate "2021.10.06"]
[SourceQuality "1"]
[WhiteTeam "Liberec Desko U18"]
[BlackTeam "Praha Kobylisy U18"]
[WhiteTeamCountry "CZE"]
[BlackTeamCountry "CZE"]

1. d4 Nf6 2. Nf3 g6 3. e3 Bg7 4. Bd3 0-0 5. Nbd2 d6 6. b3 c5 7. Bb2 cxd4 8. exd4 Nc6 9. a3 Re8 10. 0-0 e5 11. Re1 Qc7 12. c4 Bg4 13. Qc2 Nh5 14. d5 Ne7 15. h3 Bd7 16. Nh2 Rac8 17. Qd1 Nf4 18. Bf1 Bf5 19. Ne4 Bxe4 20. Rxe4 f5 21. Re1 Nh5 22. b4 b6 23. Qb3 Kh8 24. Rad1 a5 25. Nf3 h6 26. Rd2 Qd7 27. Bc3 a4 28. Qb2 Kh7 29. Red1 g5 30. Ne1 Ng6 31. g3 Nf6 32. Nc2 Ne4 33. Re2 Nxc3 34. Qxc3 e4 35. Nd4 Ne5 36. Re3 b5 37. Qd2 Nxc4 38. Bxc4 Rxc4 39. Ne6 Be5 40. f4 gxf4 41. gxf4 Rg8+ 42. Kh1 Bf6 43. Qe2 Qf7 44. Rg1 Rxg1+ 45. Kxg1 Rc1+ 46. Kh2 Rc4 47. Rg3 Bh8 48. Qg2 Bf6 49. Qe2 Bh8 50. Qg2 Rc3 51. Rxc3 Bxc3 52. Qe2 Qb7 53. Qh5 Qxd5 54. Qf7+ Kh8 55. Qf8+ Kh7 56. Qf7+ 1/2-1/2

[Event "CZE-chTW U20 1314"]
[Site "Czech Republic"]
[Date "2013.10.13"]
[Round "4.3"]
[White "Hejduk, Miroslav"]
[Black "Pycha, Patrik"]
[Result "0-1"]
[WhiteElo "1770"]
[BlackElo "1994"]
[PlyCount "90"]
[EventDate "2013.10.12"]
[EventType "team-tourn"]
[EventRounds "11"]
[EventCountry "CZE"]
[SourceTitle "EXT 2015"]
[Source "ChessBase"]
[SourceDate "2014.11.20"]
[SourceVersion "1"]
[SourceVersionDate "2014.11.20"]
[SourceQuality "1"]
[WhiteTeam "Liberec Desko (U20)"]
[BlackTeam "Vlasim (U20)"]
[WhiteTeamCountry "CZE"]
[BlackTeamCountry "CZE"]

1. e4 e6 2. d4 d5 3. exd5 exd5 4. Bd3 Bd6 5. Nf3 Ne7 6. 0-0 Nbc6 7. c3 Bg4 8. Nbd2 Qd7 9. b4 0-0 10. Qc2 Bf5 11. Nb3 b6 12. a4 Rfe8 13. a5 Bxd3 14. Qxd3 Qf5 15. Qxf5 Nxf5 16. axb6 axb6 17. Bd2 h5 18. Rxa8 Rxa8 19. Ra1 Rxa1+ 20. Nxa1 Na7 21. Nc2 Nb5 22. Kf1 f6 23. Ke2 c6 24. h3 Bc7 25. g4 hxg4 26. hxg4 Nfd6 27. Kd3 Nc4 28. Bc1 Kf7 29. Nce1 g5 30. Ng2 Nbd6 31. Nd2 b5 32. Nxc4 bxc4+ 33. Ke2 Nb5 34. Bd2 Ke7 35. Ne3 Ke6 36. Nf5 Bf4 37. Ne3 Bxe3 38. Kxe3 f5 39. f4 fxg4 40. fxg5 Kf5 41. g6 Kxg6 42. Kf4 Kh5 43. Be1 Nd6 44. Ke5 Ne4 45. Ke6 Nxc3 0-1

[Event "CZE-chTW U20 1314"]
[Site "Czech Republic"]
[Date "2013.10.12"]
[Round "2.3"]
[White "Hejduk, Miroslav"]
[Black "Eret, Jonas"]
[Result "0-1"]
[WhiteElo "1770"]
[BlackElo "1898"]
[PlyCount "100"]
[EventDate "2013.10.12"]
[EventType "team-tourn"]
[EventRounds "11"]
[EventCountry "CZE"]
[SourceTitle "EXT 2015"]
[Source "ChessBase"]
[SourceDate "2014.11.20"]
[SourceVersion "1"]
[SourceVersionDate "2014.11.20"]
[SourceQuality "1"]
[WhiteTeam "Liberec Desko (U20)"]
[BlackTeam "Klatovy (U20)"]
[WhiteTeamCountry "CZE"]
[BlackTeamCountry "CZE"]

1. e4 e6 2. d4 d5 3. exd5 exd5 4. Bd3 Bd6 5. Ne2 Ne7 6. 0-0 c6 7. b3 Qc7 8. h3 Nd7 9. c4 Qb8 10. Nbc3 Nf6 11. Bg5 Be6 12. Qc2 h6 13. Bh4 g5 14. Bg3 Rg8 15. Bxd6 Qxd6 16. c5 Qd7 17. Ng3 h5 18. Rfe1 0-0-0 19. b4 h4 20. Nge2 g4 21. Nf4 gxh3 22. b5 Qc7 23. Re5 Ng4 24. b6 axb6 25. cxb6 Qb8 26. Rae1 Nxe5 27. Rxe5 Kd7 28. Nh5 Rxg2+ 29. Kh1 Ng6 30. Bxg6 Rxg6 31. Na4 Rdg8 32. Nc5+ Ke7 33. Nf4 Rg5 34. Rxg5 Rxg5 35. Nfxe6 Rg2 36. Nc7 Qc8 37. Qe2+ Kf8 38. Qf3 Kg7 39. Qf4 Kg6 40. Nd3 f6 41. Qxh4 Rg4 42. Nf4+ Kf5 43. Qxh3 Kxf4 44. Qh6+ Kf5 45. f3 Rg8 46. Qh5+ Kf4 47. Qh4+ Kxf3 48. Qxf6+ Ke3 49. Qh6+ Ke2 50. Qh2+ Kf3 0-1

[Event "CZE-chTB U20 1213"]
[Site "Czech Republic"]
[Date "2013.04.13"]
[Round "9.4"]
[White "Hejduk, Miroslav"]
[Black "Danek, Daniel"]
[Result "0-1"]
[WhiteElo "1719"]
[BlackElo "1802"]
[PlyCount "58"]
[EventDate "2012.10.06"]
[EventType "team-tourn"]
[EventRounds "11"]
[EventCountry "CZE"]
[SourceTitle "EXT 2015"]
[Source "ChessBase"]
[SourceDate "2014.11.20"]
[SourceVersion "1"]
[SourceVersionDate "2014.11.20"]
[SourceQuality "1"]
[WhiteTeam "Liberec Desko (U20)"]
[BlackTeam "Brno Duras (U20)"]
[WhiteTeamCountry "CZE"]
[BlackTeamCountry "CZE"]

1. d4 Nf6 2. Nf3 g6 3. c4 Bg7 4. Nc3 d6 5. e4 0-0 6. Bg5 h6 7. Bh4 g5 8. Bg3 Bg4 9. Be2 Nh5 10. Qd2 Nd7 11. 0-0-0 c5 12. d5 Qa5 13. Kc2 a6 14. h3 Nxg3 15. fxg3 Bh5 16. g4 Bg6 17. Bd3 Ne5 18. Rde1 Rab8 19. Nxe5 Bxe5 20. h4 Bf4 21. Qf2 Kg7 22. Ref1 b5 23. g3 Be5 24. Qe3 Bxc3 25. bxc3 Qxa2+ 26. Kd1 bxc4 27. Bc2 Rb2 28. Qe2 Rfb8 29. Rh2 Qa1+ 0-1

[Event "CZE-chTB U20 1213"]
[Site "Czech Republic"]
[Date "2013.04.13"]
[Round "10.4"]
[White "Nytra, Petr"]
[Black "Hejduk, Miroslav"]
[Result "0-1"]
[WhiteElo "1723"]
[BlackElo "1719"]
[PlyCount "90"]
[EventDate "2012.10.06"]
[EventType "team-tourn"]
[EventRounds "11"]
[EventCountry "CZE"]
[SourceTitle "EXT 2015"]
[Source "ChessBase"]
[SourceDate "2014.11.20"]
[SourceVersion "1"]
[SourceVersionDate "2014.11.20"]
[SourceQuality "1"]
[WhiteTeam "Orlova Slavia (U20)"]
[BlackTeam "Liberec Desko (U20)"]
[WhiteTeamCountry "CZE"]
[BlackTeamCountry "CZE"]

1. e4 e5 2. Bc4 Bc5 3. f4 Bxg1 4. Rxg1 Qh4+ 5. Kf1 Qxf4+ 6. Qf3 Qxf3+ 7. gxf3 g6 8. d3 d6 9. Nc3 c6 10. Ke2 Be6 11. Bb3 Nd7 12. Be3 Ngf6 13. Bxe6 fxe6 14. a4 Nh5 15. Rad1 Ke7 16. d4 exd4 17. Rxd4 e5 18. Rd2 Ndf6 19. Rgd1 Rhd8 20. Bg5 Rd7 21. Ke3 Rad8 22. b4 Ke6 23. a5 Rf8 24. Na4 Rff7 25. c4 Rf8 26. c5 d5 27. Nb2 d4+ 28. Ke2 Ne8 29. Nc4 Nf4+ 30. Bxf4 Rxf4 31. Kf2 Rdf7 32. Rd3 Rxe4 33. Nd2 Ref4 34. Kg2 Nf6 35. Re1 Nd5 36. Ne4 R7f5 37. Ng3 Rg5 38. Kf2 Ne3 39. Re2 h5 40. Nf1 Rg2+ 41. Ke1 Rg1 42. Rf2 Kd5 43. Ke2 Rxf1 44. Rxf1 Nxf1 45. Kxf1 e4 0-1

[Event "CZE-ch U14"]
[Site "Kouty nad Desnou"]
[Date "2013.03.12"]
[Round "5"]
[White "Szucs, Matyas"]
[Black "Hejduk, Miroslav"]
[Result "1/2-1/2"]
[WhiteElo "1921"]
[BlackElo "1724"]
[PlyCount "85"]
[EventDate "2013.03.09"]
[EventType "swiss"]
[EventRounds "9"]
[EventCountry "CZE"]
[SourceTitle "EXT 2015"]
[Source "ChessBase"]
[SourceDate "2014.11.20"]
[SourceVersion "1"]
[SourceVersionDate "2014.11.20"]
[SourceQuality "1"]

1. d4 d5 2. Nf3 Nf6 3. e3 g6 4. Bd3 Bg7 5. Nbd2 0-0 6. 0-0 b6 7. c4 c6 8. b3 Bb7 9. Bb2 Nbd7 10. Qe2 Rc8 11. e4 dxe4 12. Nxe4 Nxe4 13. Bxe4 Nf6 14. Bc2 Qc7 15. Rad1 Rfe8 16. Rfe1 e6 17. c5 Nd5 18. Ne5 Nb4 19. Bb1 Ba6 20. Qd2 Nd5 21. Nc4 Bxc4 22. bxc4 Ne7 23. Qb4 Rb8 24. Bc3 b5 25. Be4 bxc4 26. Qxc4 Nd5 27. Bxd5 exd5 28. Qa4 Kf8 29. g3 Bh6 30. Qa6 Bg5 31. Rb1 Rxe1+ 32. Rxe1 Qb7 33. Qe2 Bf6 34. Qe3 Bg7 35. Qf4 Rd8 36. Ba5 Rd7 37. Kg2 h6 38. h4 h5 39. Kh2 Bh8 40. Re3 Qc8 41. Kg2 Re7 42. Qd6 Qd7 43. Qb8+ 1/2-1/2

[Event "CZE-ch U14"]
[Site "Kouty nad Desnou"]
[Date "2013.03.10"]
[Round "2"]
[White "Hejduk, Miroslav"]
[Black "Bares, Jachym"]
[Result "1-0"]
[WhiteElo "1724"]
[BlackElo "1685"]
[PlyCount "151"]
[EventDate "2013.03.09"]
[EventType "swiss"]
[EventRounds "9"]
[EventCountry "CZE"]
[SourceTitle "EXT 2015"]
[Source "ChessBase"]
[SourceDate "2014.11.20"]
[SourceVersion "1"]
[SourceVersionDate "2014.11.20"]
[SourceQuality "1"]

1. e4 e6 2. d4 d5 3. exd5 exd5 4. Nf3 Bd6 5. Bd3 Bg4 6. 0-0 Ne7 7. c3 h6 8. Nbd2 Nd7 9. Qc2 Nf6 10. b3 c6 11. Bb2 0-0 12. Rfe1 Qc8 13. Ne5 Bf5 14. Ndf3 Bxd3 15. Qxd3 Qf5 16. Qxf5 Nxf5 17. Re2 Ne4 18. Rae1 Rfe8 19. Nd3 Kf8 20. Nfe5 f6 21. Nd7+ Kf7 22. f3 Ng5 23. N7c5 Rxe2 24. Rxe2 b6 25. Na6 Re8 26. Rxe8 Kxe8 27. Bc1 Ne6 28. Nab4 Kd7 29. g3 a5 30. Nc2 c5 31. dxc5 bxc5 32. Ne3 Nxe3 33. Bxe3 Kc6 34. Kf2 Kb5 35. Nb2 Be5 36. Bd2 d4 37. c4+ Ka6 38. Nd3 Bd6 39. f4 Nd8 40. h3 Nc6 41. a3 f5 42. Kf3 Kb6 43. g4 fxg4+ 44. hxg4 Kc7 45. Ke4 Kd7 46. Nb2 g6 47. f5 gxf5+ 48. Kxf5 Bf8 49. Nd3 Ne7+ 50. Kf6 Nc6 51. Kf7 Bd6 52. Bxh6 Nd8+ 53. Kf6 Be7+ 54. Kf5 Ke8 55. Bd2 Nc6 56. Ke6 Nd8+ 57. Kd5 Nb7 58. Kc6 Nd8+ 59. Kb6 Ne6 60. Kxa5 Kd7 61. Ka4 Kd6 62. b4 Kc6 63. b5+ Kb7 64. Kb3 Kb6 65. a4 Kb7 66. a5 Bd8 67. Ka4 Ka7 68. Ne5 Kb7 69. a6+ Ka8 70. Nd7 Ka7 71. Ne5 Bc7 72. Nd3 Bb6 73. Ba5 Ng5 74. Ne5 Bxa5 75. Kxa5 Ne6 76. b6+ 1-0

[Event "CZE-ch U14"]
[Site "Kouty nad Desnou"]
[Date "2013.03.09"]
[Round "1"]
[White "Kozusek, Daniel"]
[Black "Hejduk, Miroslav"]
[Result "1-0"]
[WhiteElo "2030"]
[BlackElo "1724"]
[PlyCount "55"]
[EventDate "2013.03.09"]
[EventType "swiss"]
[EventRounds "9"]
[EventCountry "CZE"]
[SourceTitle "EXT 2015"]
[Source "ChessBase"]
[SourceDate "2014.11.20"]
[SourceVersion "1"]
[SourceVersionDate "2014.11.20"]
[SourceQuality "1"]

1. d4 Nf6 2. c4 e6 3. Nc3 d5 4. cxd5 exd5 5. Bg5 Be7 6. e3 0-0 7. Qc2 c6 8. Bd3 h6 9. Bh4 Re8 10. Nge2 Nbd7 11. 0-0 Ne4 12. Bxe7 Qxe7 13. Rae1 Ndf6 14. f3 Nxc3 15. Nxc3 Qd6 16. Qf2 Rd8 17. Rd1 Be6 18. Bb1 Rac8 19. h3 a6 20. e4 dxe4 21. fxe4 Qe7 22. Qc2 g6 23. Ne2 Rc7 24. Nf4 Rcd7 25. e5 Ne8 26. Nxg6 fxg6 27. Qxg6+ Ng7 28. Qh7# 1-0

[Event "CZE-chTW U20 1213"]
[Site "Czech Republic"]
[Date "2012.12.08"]
[Round "5.3"]
[White "Hejduk, Miroslav"]
[Black "Skvaril, Michal"]
[Result "1/2-1/2"]
[WhiteElo "1719"]
[BlackElo "1745"]
[PlyCount "106"]
[EventDate "2012.10.06"]
[EventType "team-tourn"]
[EventRounds "11"]
[EventCountry "CZE"]
[SourceTitle "EXT 2015"]
[Source "ChessBase"]
[SourceDate "2014.11.20"]
[SourceVersion "1"]
[SourceVersionDate "2014.11.20"]
[SourceQuality "1"]
[WhiteTeam "Liberec Desko (U20)"]
[BlackTeam "Praha Bohemians (U20)"]
[WhiteTeamCountry "CZE"]
[BlackTeamCountry "CZE"]

1. d4 d5 2. Nf3 Nf6 3. e3 e6 4. c4 Be7 5. Nc3 0-0 6. Bd3 Nbd7 7. 0-0 c6 8. Re1 c5 9. cxd5 exd5 10. b3 cxd4 11. exd4 Re8 12. Bb2 a6 13. Qc2 b5 14. Ne5 Bb7 15. Bf5 g6 16. Bh3 Nf8 17. Re2 Qb6 18. Qd3 Ne6 19. Bxe6 fxe6 20. Rae1 Bf8 21. Bc1 Ne4 22. Bd2 Rac8 23. f3 Nxd2 24. Rxd2 Bg7 25. Kh1 Qc7 26. Nd1 Qc1 27. Rde2 Qc7 28. Nf2 b4 29. h3 a5 30. Qd2 Ba6 31. Nfd3 Qb6 32. Qe3 Bxe5 33. dxe5 Qxe3 34. Rxe3 Bxd3 35. Rxd3 Rc2 36. a3 bxa3 37. Ra1 a2 38. Rd4 Rb2 39. Kh2 Rb8 40. Ra4 R8xb3 41. Rxa5 Re3 42. R1xa2 Rxa2 43. Rxa2 Rxe5 44. Kg3 Kf7 45. Ra7+ Kg8 46. Rd7 h5 47. Kf4 Rf5+ 48. Ke3 Rf7 49. Rd6 Re7 50. Kd4 Kf7 51. Ke5 g5 52. g3 Kg6 53. Rd8 Kg7 1/2-1/2

[Event "Czech Fed-ch U14"]
[Site "Hrdonov"]
[Date "2012.10.27"]
[Round "9"]
[White "Hejduk, Miroslav"]
[Black "Novak, Martin"]
[Result "1-0"]
[WhiteElo "1719"]
[BlackElo "1689"]
[PlyCount "61"]
[EventDate "2012.10.20"]
[EventType "swiss"]
[EventRounds "9"]
[EventCountry "CZE"]
[SourceTitle "CBM 151 Extra"]
[Source "ChessBase"]
[SourceDate "2012.12.18"]
[SourceVersion "1"]
[SourceVersionDate "2012.12.18"]
[SourceQuality "1"]

1. d4 Nf6 2. Nf3 g6 3. c4 d6 4. Nc3 Nbd7 5. e4 Bg7 6. Be2 e5 7. d5 Nc5 8. Qc2 a5 9. Bg5 0-0 10. Nd2 Qe8 11. Nb3 Nfd7 12. Be3 b6 13. Nb5 Qd8 14. 0-0-0 a4 15. Nxc5 Nxc5 16. g4 Kh8 17. h4 f5 18. f3 f4 19. Bf2 h6 20. h5 g5 21. Bxc5 bxc5 22. Rd3 Qe7 23. Ra3 Qf7 24. Rf1 Bb7 25. Rxa4 Rxa4 26. Qxa4 Ra8 27. Qb3 Bf8 28. a3 c6 29. Nc3 cxd5 30. exd5 Qe8 31. Qxb7 1-0

[Event "Czech Fed-ch U14"]
[Site "Hrdonov"]
[Date "2012.10.24"]
[Round "6"]
[White "Hejduk, Miroslav"]
[Black "Pychova, Nela"]
[Result "1/2-1/2"]
[WhiteElo "1719"]
[BlackElo "1795"]
[PlyCount "63"]
[EventDate "2012.10.20"]
[EventType "swiss"]
[EventRounds "9"]
[EventCountry "CZE"]
[SourceTitle "CBM 151 Extra"]
[Source "ChessBase"]
[SourceDate "2012.12.18"]
[SourceVersion "1"]
[SourceVersionDate "2012.12.18"]
[SourceQuality "1"]

1. d4 d5 2. Nf3 Nf6 3. e3 Bf5 4. Bd3 Bg6 5. 0-0 e6 6. b3 Be7 7. Bb2 0-0 8. Nbd2 Nbd7 9. Ne5 Bxd3 10. cxd3 c5 11. Ndf3 cxd4 12. Nxd7 Nxd7 13. Bxd4 f6 14. Qe2 e5 15. Bb2 Rc8 16. Rfc1 Qa5 17. Rxc8 Rxc8 18. Rc1 Rxc1+ 19. Bxc1 Qc7 20. Bb2 Bd6 21. h3 Nb8 22. d4 e4 23. Ne1 a6 24. f4 f5 25. g4 g6 26. gxf5 gxf5 27. Qg2+ Qg7 28. Kf2 Qxg2+ 29. Kxg2 Nc6 30. Nc2 Kf7 31. Kf1 Kg6 32. Kg2 1/2-1/2

[Event "Czech Fed-ch U14"]
[Site "Hrdonov"]
[Date "2012.10.21"]
[Round "2"]
[White "Szucs, Matyas"]
[Black "Hejduk, Miroslav"]
[Result "1-0"]
[WhiteElo "1934"]
[BlackElo "1719"]
[PlyCount "97"]
[EventDate "2012.10.20"]
[EventType "swiss"]
[EventRounds "9"]
[EventCountry "CZE"]
[SourceTitle "CBM 151 Extra"]
[Source "ChessBase"]
[SourceDate "2012.12.18"]
[SourceVersion "1"]
[SourceVersionDate "2012.12.18"]
[SourceQuality "1"]

1. d4 Nf6 2. Nf3 e6 3. Nbd2 d5 4. e3 c5 5. c3 Nc6 6. Bd3 Bd6 7. 0-0 0-0 8. dxc5 Bxc5 9. e4 Qc7 10. Qe2 Ne5 11. Nxe5 Qxe5 12. Nf3 Qc7 13. e5 Ne4 14. Bxe4 dxe4 15. Qxe4 Be7 16. Bg5 Rb8 17. Rad1 b6 18. Bxe7 Qxe7 19. Nd4 Bb7 20. Qe3 Qc5 21. Rd2 Qd5 22. f4 Qxa2 23. f5 Ba6 24. f6 gxf6 25. exf6 Kh8 26. Re1 Bb7 27. Nf3 Bxf3 28. Qxf3 Qa4 29. Rd4 Qc2 30. Rh4 Rbd8 31. h3 Rg8 32. Re2 Rd1+ 33. Kh2 Qb1 34. Rg4 Rxg4 35. Qxg4 Qg6 36. Qf4 Rd8 37. Re3 Rg8 38. Rg3 Qxg3+ 39. Qxg3 Rxg3 40. Kxg3 h6 41. h4 h5 42. Kf4 Kh7 43. Kg5 a5 44. c4 e5 45. Kxh5 e4 46. Kg4 Kg6 47. Kf4 Kxf6 48. Kxe4 Kg6 49. g4 1-0

[Event "CZE-chTW U20 1213"]
[Site "Czech Republic"]
[Date "2012.10.07"]
[Round "4.4"]
[White "Pychova, Nela"]
[Black "Hejduk, Miroslav"]
[Result "1/2-1/2"]
[WhiteElo "1795"]
[BlackElo "1719"]
[PlyCount "128"]
[EventDate "2012.10.06"]
[EventType "team-tourn"]
[EventRounds "11"]
[EventCountry "CZE"]
[SourceTitle "EXT 2015"]
[Source "ChessBase"]
[SourceDate "2014.11.20"]
[SourceVersion "1"]
[SourceVersionDate "2014.11.20"]
[SourceQuality "1"]
[WhiteTeam "Vlasim (U20)"]
[BlackTeam "Liberec Desko (U20)"]
[WhiteTeamCountry "CZE"]
[BlackTeamCountry "CZE"]

1. d4 d5 2. c4 e6 3. cxd5 exd5 4. Nc3 Nf6 5. Bg5 Nbd7 6. e3 c6 7. Bd3 Bd6 8. Nf3 h6 9. Bh4 0-0 10. 0-0 Re8 11. Qc2 Qc7 12. Bg3 Bxg3 13. hxg3 Qd6 14. Rab1 b6 15. b4 Bb7 16. Rfc1 Qe7 17. Qb3 Kh8 18. Re1 Ne4 19. Bxe4 dxe4 20. Nd2 f5 21. Red1 Nf6 22. Nc4 g5 23. Ne5 Kg7 24. Rbc1 Qe6 25. Qxe6 Rxe6 26. Rc2 Rae8 27. Rdc1 Ng4 28. Nxg4 fxg4 29. b5 Kf8 30. bxc6 Rxc6 31. Nb5 Rec8 32. Rxc6 Rxc6 33. Rxc6 Bxc6 34. Nc3 Ke7 35. d5 Bb7 36. Nxe4 Bxd5 37. Nc3 Bc4 38. f3 b5 39. a3 a5 40. Kf2 b4 41. axb4 axb4 42. Nd1 gxf3 43. gxf3 h5 44. e4 Kf6 45. Ke3 h4 46. gxh4 gxh4 47. f4 h3 48. Nf2 b3 49. Kd2 h2 50. Ng4+ Ke7 51. Nxh2 b2 52. Kc2 Bd3+ 53. Kxb2 Bxe4 54. Kc3 Ke6 55. Kd4 Kf5 56. Ke3 Bb1 57. Nf3 Kf6 58. Nh4 Bh7 59. Kf3 Bb1 60. Kg4 Bc2 61. Ng2 Bf5+ 62. Kf3 Bb1 63. Ke3 Bh7 64. Kd4 Bb1 1/2-1/2

[Event "Liberec Metalmex op"]
[Site "Liberec"]
[Date "2012.08.12"]
[Round "3"]
[White "Karafiat, Vaclav"]
[Black "Hejduk, Miroslav"]
[Result "0-1"]
[WhiteElo "1621"]
[BlackElo "1711"]
[PlyCount "86"]
[EventDate "2012.08.11"]
[EventType "swiss"]
[EventRounds "9"]
[EventCountry "CZE"]
[SourceTitle "EXT 2014"]
[Source "ChessBase"]
[SourceDate "2013.11.20"]
[SourceVersion "1"]
[SourceVersionDate "2013.11.20"]
[SourceQuality "1"]

1. d4 Nf6 2. c4 e6 3. Nc3 d5 4. cxd5 exd5 5. Bg5 Nbd7 6. e3 c6 7. Bd3 Bd6 8. Nf3 0-0 9. 0-0 Re8 10. Qc2 h6 11. Bh4 Qc7 12. Rab1 b6 13. b4 Bb7 14. a3 a5 15. Rb3 a4 16. Rbb1 b5 17. Rbc1 Qb6 18. Ne2 Ne4 19. Bg3 Ndf6 20. Bxd6 Nxd6 21. Ng3 Nfe4 22. Ne5 Nxg3 23. hxg3 Rac8 24. Bh7+ Kh8 25. Bd3 Rc7 26. Be2 Nc4 27. Bxc4 dxc4 28. Qf5 Ree7 29. g4 Bc8 30. Qf3 Kg8 31. Qg3 Bd7 32. g5 hxg5 33. Nxd7 Rcxd7 34. Qxg5 Re6 35. Qg4 Qc7 36. g3 Rd5 37. Kg2 Rg6 38. Qh4 Rh6 39. Qe4 Qd7 40. Rh1 Rdh5 41. Rxh5 Rxh5 42. Rh1 Rxh1 43. Kxh1 Qd5 0-1

[Event "CZE-chTB U20 1112"]
[Site "Czech Republic"]
[Date "2012.04.15"]
[Round "7.4"]
[White "Janska, Petr"]
[Black "Hejduk, Miroslav"]
[Result "0-1"]
[WhiteElo "1767"]
[BlackElo "1651"]
[PlyCount "84"]
[EventDate "2012.04.13"]
[EventType "team-tourn"]
[EventRounds "7"]
[EventCountry "CZE"]
[SourceTitle "CBM 148 Extra"]
[Source "ChessBase"]
[SourceDate "2012.06.22"]
[SourceVersion "1"]
[SourceVersionDate "2012.06.22"]
[SourceQuality "1"]
[WhiteTeam "Borsice"]
[BlackTeam "Liberec"]
[WhiteTeamCountry "CZE"]
[BlackTeamCountry "CZE"]

1. e4 e5 2. Nf3 Nc6 3. Bc4 Be7 4. d4 exd4 5. Nxd4 Nf6 6. Nc3 d6 7. 0-0 0-0 8. Nxc6 bxc6 9. f4 Bb7 10. Bd3 Re8 11. Kh1 Bf8 12. Qe1 Qc8 13. e5 Ba6 14. h3 Bxd3 15. cxd3 Nd5 16. Qg3 Qf5 17. Nxd5 cxd5 18. Bd2 c5 19. Rae1 Rab8 20. b3 Rbc8 21. Bc3 d4 22. Bd2 d5 23. Qf2 Qxd3 24. f5 Qa6 25. f6 Qe6 26. Qg3 g6 27. Qh4 Red8 28. Bh6 Kh8 29. Bxf8 Rxf8 30. Qh6 Rg8 31. Rf4 g5 32. Rf3 Rg6 33. Qh5 Rcg8 34. Rg3 c4 35. Rg4 d3 36. h4 d2 37. Rf1 Qxe5 38. bxc4 Qe1 39. Rxe1 dxe1Q+ 40. Kh2 Qe5+ 41. Kh1 Qxf6 42. hxg5 Rxg5 0-1

[Event "CZE-chTB U20 1112"]
[Site "Czech Republic"]
[Date "2012.04.14"]
[Round "5.4"]
[White "Zavadilova, Karolina"]
[Black "Hejduk, Miroslav"]
[Result "0-1"]
[WhiteElo "1755"]
[BlackElo "1651"]
[PlyCount "196"]
[EventDate "2012.04.13"]
[EventType "team-tourn"]
[EventRounds "7"]
[EventCountry "CZE"]
[SourceTitle "CBM 148 Extra"]
[Source "ChessBase"]
[SourceDate "2012.06.22"]
[SourceVersion "1"]
[SourceVersionDate "2012.06.22"]
[SourceQuality "1"]
[WhiteTeam "Brno Duras"]
[BlackTeam "Liberec"]
[WhiteTeamCountry "CZE"]
[BlackTeamCountry "CZE"]

1. e4 e5 2. Nf3 Nc6 3. Bc4 Bc5 4. 0-0 d6 5. h3 Nf6 6. Re1 0-0 7. c3 Bb6 8. d4 exd4 9. cxd4 h6 10. Nc3 Ba5 11. a3 Bxc3 12. bxc3 Re8 13. Qc2 d5 14. exd5 Rxe1+ 15. Nxe1 Nxd5 16. Nf3 Be6 17. Bd3 Nb6 18. Bf4 Na5 19. Ne5 Nac4 20. Qe2 Nxe5 21. Bxe5 Nd7 22. Qe4 g6 23. Qf4 Nxe5 24. Qxe5 Qd5 25. Qxd5 Bxd5 26. Re1 Kf8 27. c4 Bc6 28. d5 Bd7 29. f4 Re8 30. Re5 g5 31. Rxe8+ Kxe8 32. fxg5 hxg5 33. g4 Ke7 34. Kf2 Kd6 35. Ke3 Ke5 36. Bc2 b5 37. Bb3 bxc4 38. Bxc4 a5 39. Bb3 a4 40. Bc4 f6 41. Ba2 Bb5 42. Bb1 Kxd5 43. Bc2 c5 44. Be4+ Ke5 45. Bc2 Bc6 46. Bd1 Bd7 47. Kd3 Bb5+ 48. Ke3 c4 49. Be2 Kd5 50. Bf3+ Kc5 51. Be2 Bc6 52. Bd1 Kd5 53. Bf3+ Kd6 54. Be2 Bb5 55. Kd4 c3 56. Bd1 Bf1 57. Kxc3 Bxh3 58. Kb4 Ke5 59. Kxa4 Kf4 60. Kb4 Bxg4 61. Bxg4 Kxg4 62. a4 f5 63. a5 f4 64. a6 f3 65. a7 f2 66. a8Q f1Q 67. Qc8+ Qf5 68. Qc6 Qb1+ 69. Ka4 Qa2+ 70. Kb4 Qd2+ 71. Ka4 Kg3 72. Qh1 g4 73. Qg1+ Kf4 74. Qf1+ Kg5 75. Qb5+ Kh4 76. Qf1 g3 77. Qc4+ Kh3 78. Qe6+ Kh2 79. Qe5 Qd1+ 80. Ka3 Qd3+ 81. Ka4 Qc2+ 82. Ka3 Qf2 83. Qh5+ Kg2 84. Ka4 Qf3 85. Qe5 Kf2 86. Qb2+ Ke1 87. Qe5+ Kd2 88. Qb2+ Ke3 89. Qb6+ Kf4 90. Qd6+ Kg5 91. Qe5+ Kg4 92. Qe6+ Qf5 93. Qe2+ Kh3 94. Qe3 Qg4+ 95. Ka5 Qf5+ 96. Ka4 Kh2 97. Qe2+ g2 98. Qb2 Qd7+ 0-1

[Event "CZE-chTB U20 1112"]
[Site "Czech Republic"]
[Date "2012.04.13"]
[Round "4.4"]
[White "Hejduk, Miroslav"]
[Black "Sabolova, Kristyna"]
[Result "0-1"]
[WhiteElo "1651"]
[BlackElo "1734"]
[PlyCount "96"]
[EventDate "2012.04.13"]
[EventType "team-tourn"]
[EventRounds "7"]
[EventCountry "CZE"]
[SourceTitle "CBM 148 Extra"]
[Source "ChessBase"]
[SourceDate "2012.06.22"]
[SourceVersion "1"]
[SourceVersionDate "2012.06.22"]
[SourceQuality "1"]
[WhiteTeam "Liberec"]
[BlackTeam "Policka"]
[WhiteTeamCountry "CZE"]
[BlackTeamCountry "CZE"]

1. d4 d5 2. Nf3 Nf6 3. e3 Bg4 4. c4 c6 5. Nc3 e6 6. cxd5 exd5 7. Be2 Bd6 8. 0-0 Qc7 9. h3 Bh5 10. Bd2 0-0 11. Rc1 Qe7 12. Nh4 Bxe2 13. Qxe2 Qe6 14. Na4 b6 15. Qd3 Ne4 16. Nf3 Rc8 17. b4 Nd7 18. Rc2 Nxd2 19. Qxd2 a5 20. bxa5 bxa5 21. Rb1 Bb4 22. Qc1 Qe4 23. Nd2 Qg6 24. Rb3 Rab8 25. Nf3 Bd6 26. Rcb2 Rb4 27. Rxb4 axb4 28. Nc5 Bxc5 29. dxc5 Rb8 30. Nd4 Ne5 31. Qd1 Nd3 32. Rc2 Ra8 33. Nb3 Ne1 34. Qxe1 Qxc2 35. Qxb4 Qxa2 36. Nd4 Qa7 37. Nf5 Qa1+ 38. Kh2 Qe5+ 39. Ng3 Rb8 40. Qa4 h5 41. h4 Rb2 42. Qxc6 Rxf2 43. Qa8+ Kh7 44. Qa3 g6 45. Qc1 Re2 46. c6 Rxe3 47. c7 Qxg3+ 48. Kg1 Re1+ 0-1